Víťazný vstup na brazílsku palubovku v prvom zápase na turné za morom: Brazília-Slovensko 50:52 (23:29)

Podrobná bibliografia
Médium: Článok
Jazyk:slovenčina
Predmet:

MARC

LEADER 00000nab a2200000 a 4500
001 vtls000692485
003 SK-MaSNL
005 20260302180309.0
008 180206c1999 xo 0 slo
015 |a SNBRB1999/06-14713 
035 |a CLN000044652 
040 |a SNKBUCL  |b slo  |c SNKBUCL  |e AACR2 
041 0 |a slo 
044 |a xo  |c SK 
080 |a 796.323.093.1  |2 UDC-MRF-SK2 
245 0 0 |a Víťazný vstup na brazílsku palubovku  |b v prvom zápase na turné za morom: Brazília-Slovensko 50:52 (23:29) 
650 0 7 |a basketbal  |x ženy  |x Slovensko-Brazília  |z San Bernardo (Brazília)  |y 1999  |2 snkbucl  |9 889137 
655 7 |a články z novín a časopisov  |2 snkbucl  |9 267496 
773 0 |t Šport  |g Roč. 53, č. 147 (28.6.1999), s. 11 
850 |a Slovenská národná knižnica v Martine 
852 |a SNK  |b KIS3GCP 
958 |a RBX 
999 |c 1410087  |d 1412017